|
|
|
|
| LEADER |
01600nam a2200325 a 4500 |
| 001 |
18199 |
| 003 |
BD-DhAAL |
| 008 |
090405s1997 caua b 001 0 eng d |
| 999 |
|
|
|c 286
|d 286
|
| 010 |
|
|
|a \\\97007520
|
| 020 |
|
|
|a 0127655581 (alk. paper)
|
| 040 |
|
|
|a DLC
|c DLC
|d DLC
|d BD-DhAAL
|
| 082 |
0 |
0 |
|a 004.66
|2 21
|
| 100 |
1 |
|
|a Wu, Tsong-Ho.
|9 41582
|
| 245 |
1 |
0 |
|a ATM transport and network integrity /
|c Tsong-Ho Wu, Noriaki Yoshikai.
|
| 260 |
|
|
|a San Diego, CA :
|b Academic Press,
|c c1997.
|
| 300 |
|
|
|a xviii, 347 pages :
|b illustrations ;
|c 25 cm.
|
| 440 |
|
0 |
|a Series in telecommunications
|9 41583
|
| 504 |
|
|
|a Includes bibliographical references and index.
|
| 541 |
1 |
|
|e 18199, 18200, 18270, 18271
|
| 650 |
|
0 |
|a Asynchronous transfer mode.
|9 41584
|
| 650 |
|
0 |
|a SONET (Data transmission)
|9 41585
|
| 650 |
|
0 |
|a Synchronous digital hierarchy (Data transmission)
|9 41586
|
| 700 |
1 |
|
|a Yoshikai, Noriaki.
|9 41587
|
| 852 |
4 |
|
|a Ayesha Abed Library
|j General Stacks
|
| 942 |
|
|
|2 ddc
|c BK
|
| 952 |
|
|
|0 0
|1 0
|2 ddc
|4 0
|6 004_660000000000000_WU
|7 0
|9 263
|a BRACUL
|b BRACUL
|c GEN
|d 2009-04-30
|l 0
|o 004.66 WU
|p 3010018200
|r 2009-04-30
|t 2
|w 2009-04-30
|y BK
|
| 952 |
|
|
|0 0
|1 0
|2 ddc
|4 0
|6 004_660000000000000_WU
|7 0
|9 12918
|a BRACUL
|b BRACUL
|c GEN
|d 2010-10-31
|l 2
|o 004.66 WU
|p 3010018199
|r 2012-09-29
|s 2012-09-29
|t 1
|w 2010-10-31
|y BK
|
| 952 |
|
|
|0 0
|1 0
|2 ddc
|4 0
|6 004_660000000000000_WU_1997
|7 0
|9 12919
|a BRACUL
|b BRACUL
|c GEN
|d 2010-10-31
|l 0
|o 004.66 WU
|p 3010018270
|r 2010-10-31
|t 3
|w 2010-10-31
|y BK
|
| 952 |
|
|
|0 0
|1 0
|2 ddc
|4 0
|6 004_660000000000000_WU_1997
|7 0
|9 12920
|a BRACUL
|b BRACUL
|c GEN
|d 2010-10-31
|l 0
|o 004.66 WU
|p 3010018271
|r 2010-10-31
|t 4
|w 2010-10-31
|y BK
|